书目信息 |
| 题名: |
信号与系统学习与考研辅导
|
|
| 作者: | 马金龙 , 王宛苹 , 胡建萍 编著 | |
| 分册: | ||
| 出版信息: | 北京 科学出版社 2006 |
|
| 页数: | 370页 | |
| 开本: | 24cm | |
| 丛书名: | ||
| 单 册: | ||
| 中图分类: | TN911.6 | |
| 科图分类: | ||
| 主题词: | 信号系统--高等学校--教学参考资料 | |
| 电子资源: | ||
| ISBN: | 7-03-018150-6 | |
| 000 | 01007nam0 2200289 450 | |
| 001 | 012004084693 | |
| 005 | 20070805112708.29 | |
| 009 | 012004084693 | |
| 010 | @a7-03-018150-6@dCNY31.00 | |
| 035 | @a(110017)062002070423 | |
| 100 | @a20061101d2006 em y0chiy0110 ea | |
| 101 | 0 | @achi |
| 102 | @aCN@b110000 | |
| 105 | @ay z 000yy | |
| 106 | @ar | |
| 200 | 1 | @a信号与系统学习与考研辅导@Axin hao yu ji tong xue xi yu kao yan fu dao@f马金龙, 王宛苹, 胡建萍编著@Fma jin long , wang wan ping , hu jian ping bian zhu |
| 210 | @a北京@c科学出版社@d2006 | |
| 215 | @a370页@d24cm | |
| 300 | @a高等院校教材 | |
| 330 | @a本书是马金龙等编著的《信号与系统》的配套教材,结构与主教材相同,共分10章,每章由内容要点、习题详解和扩充习题三部分组成。 | |
| 606 | 0 | @a信号系统@x高等学校@j教学参考资料 |
| 690 | @aTN911.6@v4 | |
| 701 | 0 | @a马金龙@Ama jin long@4编著 |
| 701 | 0 | @a王宛苹@Awang wan ping@4编著 |
| 701 | 0 | @a胡建萍@Ahu jian ping@4编著 |
| 801 | 0 | @aCN@b110017@c20070805 |
| 905 | @dTN911.6@e108@f5 | |
| 信号与系统学习与考研辅导/马金龙, 王宛苹, 胡建萍编著.-北京:科学出版社,2006 |
| 370页;24cm |
| 高等院校教材 |
| ISBN 7-03-018150-6:CNY31.00 |
| 本书是马金龙等编著的《信号与系统》的配套教材,结构与主教材相同,共分10章,每章由内容要点、习题详解和扩充习题三部分组成。 |
| ● |
| 相关链接 |
|
|
|
|
正题名:信号与系统学习与考研辅导
索取号:TN911.6/108
 
预约/预借
| 序号 | 登录号 | 条形码 | 馆藏地/架位号 | 状态 | 备注 |
| 1 | 0851536 | 208515365 | 第二样本阅览室/ [索取号:TN911.6/108] | 在馆 | |
| 2 | 0851537 | 208515374 | 第三借阅区/ [索取号:TN911.6/108] | 在馆 | |
| 3 | 0851538 | 208515383 | 第三借阅区/ [索取号:TN911.6/108] | 在馆 | |
| 4 | 0851539 | 208515392 | 第三借阅区/ [索取号:TN911.6/108] | 在馆 | |
| 5 | 0851540 | 208515409 | 第三借阅区/ [索取号:TN911.6/108] | 在馆 |